00767nam a22002057a 4500999001900000005001700019010001500036020002600051035001400077037001300091082001300104100001900117245009000136260005200226270007700278300002100355500001900376942002700395952013900422 c166692d16669220190805122103.0 aENG-126129 a9789353282288c750.00 aEN-109661 bDBAD/PUB a330.0954 aRedkar,Chaitra a Gandhian engagement with capital:bperspectives of J.C.Kumarappa/cby Chaitra Redkar bSage publication India Pvt.LtdaNew Delhic2019 aB1/I-1 Mohan Cooperative Industrial Area,Mathura RoadbNew Delhie110002 a217p.c21cm(pbk) aincludes index 2ddccENh330.0954mRED 001040718NFICaDBADbDBADd2019-08-05eDBAD/PUBg750.00l0o330.0954 REDpEN-109661r2019-08-05 00:00:00t1v750.00w2019-08-05yEN